000
00461nam a2200181Ia 4500
008
090124s9999 xx 000 0 und d
082
_b
29953
_a
2866
100
_a
बापट वसंत
245
_a
शततारका
250
_a
1
260
_c
1999
300
_a
150
600
_a
बापट वसंत
630
_a
शततारका
700
_a
बापट वसंत
730
_a
शततारका
942
_c
BOOK
999
_c
143435
_d
143435